Bajo dos tiranías (Record no. 55378)

MARC details
000 -LEADER
campo de control de longitud fija 00646nam a2200181 i 4500
001 - NÚMERO DE CONTROL
campo de control 55378
003 - IDENTIFICADOR DE NÚMERO DE CONTROL
campo de control ES-MaACL
005 - FECHA Y HORA DE LA ÚLTIMA TRANSACCIÓN
campo de control 20250826111423.0
007 - CAMPO FIJO DE DESCRIPCIÓN FÍSICA--INFORMACIÓN GENERAL
campo de control de longitud fija t|
008 - DATOS DE LONGITUD FIJA--INFORMACIÓN GENERAL
campo de control de longitud fija 030918s1951 sp ||||1| spa d
245 00 - MENCIÓN DEL TÍTULO
Título Bajo dos tiranías
Resto del título : Hitler y Stalin en tierras húngaras : cartas sobre la ocupación alemana y rusa en Hungría /
Mención de responsabilidad, etc. [Deodato, seud.] ; editadas por Antonio Sancho Nebot.
260 ## - PUBLICACIÓN, DISTRIBUCIÓN, ETC.
Lugar de publicación, distribución, etc. Madrid :
Nombre del editor, distribuidor, etc. Studium de Cultura,
Fecha de publicación, distribución, etc. [1951] (
Fabricante Halar)
300 ## - DESCRIPCIÓN FÍSICA
Extensión 100 p. ;
Dimensiones 20 cm.
700 1# - ENTRADA AGREGADA--NOMBRE PERSONAL
Nombre de persona Sancho Nebot, Antonio,
Fechas asociadas al nombre 1884-1961
9 (RLIN) 103048
700 0# - ENTRADA AGREGADA--NOMBRE PERSONAL
Nombre de persona Deodato.
9 (RLIN) 43745
852 ## - LOCALIZACIÓN
Ubicación ES-MaACL
Número de control de estantería D-6153
Sublocalización o colección R.31299
Holdings
Estatus retirado Estado de pérdida Estado de daño No para préstamo Biblioteca de origen Biblioteca actual Ubicación en estantería Fecha de adquisición Fuente de adquisición Total de préstamos Signatura topográfica completa Código de barras Visto por última vez Precio de reemplazo Tipo de ítem Koha
        Biblioteca del Ateneo de Madrid Biblioteca del Ateneo de Madrid Sala Valle Inclán 17/01/2008     D-6153 901058184 23/02/2023 23/02/2023 Libro impreso